| 000 | 00741nam a22002177a 4500 | ||
|---|---|---|---|
| 003 | OSt | ||
| 005 | 20210220131622.0 | ||
| 008 | 210220b ||||| |||| 00| 0 eng d | ||
| 010 | _a85102309 | ||
| 020 | _a0632011289 | ||
| 020 | _a9780632011285 | ||
| 040 |
_aPHNSL _cPHNSL |
||
| 100 | _aHarrison, B. M. | ||
| 245 |
_aEssentials of occupational health nursing / _cB.M. Harrison. |
||
| 260 |
_aOxford : _aBoston : _aSt. Louis, Mo. : _bBlackwell Scientific Publications, _bBlackwell Mosby Book [distributor], _c1984. |
||
| 300 | _axii, 1889 p. | ||
| 504 | _aIncludes bibliographical references (page 181) and index. | ||
| 650 |
_aIndustrial nursing _vOccupational Health Nursing. |
||
| 651 | _aGreat Britain. | ||
| 942 |
_2lcc _cBK |
||
| 999 |
_c499 _d499 |
||